Brown v Gloucester CC (Record no. 53961)

MARC details
000 -LEADER
fixed length control field 01247cab a2200229 4500
001 - CONTROL NUMBER
control field ABS58605
008 - FIXED-LENGTH DATA ELEMENTS--GENERAL INFORMATION
fixed length control field 090401t1998 xxu||||| |||| 00| 0 eng d
035 ## - SYSTEM CONTROL NUMBER
System control number (Sirsi) u85788
041 ## - LANGUAGE CODE
Language code of text/sound track or separate title eng
245 ## - TITLE STATEMENT
Title Brown v Gloucester CC
260 ## - PUBLICATION, DISTRIBUTION, ETC.
Date of publication, distribution, etc. 1998
350 ## - PRICE (NR) (BK AM CF MU VM SE) [OBSOLETE]
Price 0
490 ## - SERIES STATEMENT
Series statement Estates Gazette
Volume/sequential designation (9816) 18 April 1998, 137-140(4)
520 ## - SUMMARY, ETC.
Summary, etc. CA 3 November 1997. Gloucester CC granted a lease for a term of 125 years of vacant land with the intention that the land be developed. The lease was subject to a five year upwards-only rent review. The rent at review was to be equal to the passing rent or ten per cent of the rack-rental value or whichever was greater. If no building had been constructed the rack-rental value was to be defined in relation to a `notional building site coverage...` hypothetically let in the open market. The tenant contended successfully that the valuer should treat each of the buildings as let for the residue of the term granted by the lease. Landlord appealed. Appeal allowed.
650 ## - SUBJECT ADDED ENTRY--TOPICAL TERM
Topical term or geographic name entry element BROWN V GLOUCESTER CC
650 ## - SUBJECT ADDED ENTRY--TOPICAL TERM
Topical term or geographic name entry element RENT REVIEW CLAUSE
650 ## - SUBJECT ADDED ENTRY--TOPICAL TERM
Topical term or geographic name entry element TERMS OF LEASE
650 ## - SUBJECT ADDED ENTRY--TOPICAL TERM
Topical term or geographic name entry element UPWARDS-ONLY
690 ## - LOCAL SUBJECT ADDED ENTRY--TOPICAL TERM (OCLC, RLIN)
Topical term or geographic name as entry element LANDLORD AND TENANT-CASE LAW-RENT REVIEW
942 ## - ADDED ENTRY ELEMENTS (KOHA)
Suppress in OPAC 0
948 ## - LOCAL PROCESSING INFORMATION (OCLC); SERIES PART DESIGNATOR (RLIN)
c (OCLC) 24/04/1998
Holdings
Withdrawn status Lost status Source of classification or shelving scheme Damaged status Not for loan Home library Current library Shelving location Date acquired Total Checkouts Full call number Barcode Date last seen Copy number Price effective from Koha item type
    Dewey Decimal Classification     London London Journal article 14/09/1999   ABS58605 85788-1001 06/08/2019 1 06/08/2019 Law report